| 000 | 00443cas a2200133 4500 | ||
|---|---|---|---|
| 008 | 090518n eng u | ||
| 035 | _a(Sirsi) a165158 | ||
| 100 | 1 | _aDraxler, Alexander | |
| 245 |
_aNew Partnerships for EFA: _bBuilding on Experience / _cAlexander Draxler |
||
| 260 |
_aParis: _bUnited Nations Educational, Scientific and Cultural Organisation, _c2008 |
||
| 300 |
_a110p.: _bill. |
||
| 350 | _aK150,000.00 | ||
| 650 | _aEducation | ||
| 999 |
_c112703 _d112703 |
||